000 00816nam a2200253Ia 4500
003 OSt
005 20220923220049.0
006 a|||||r|||| 00| 0
007 ta
008 220922b |||||||| |||| 00| 0 hin d
024 _a183,961
037 _cTextual
040 _aARTS
_cARTS
_bhin
041 _2hin
_ahin
082 _aO152,1N36x, L3
100 _aडबराल, पार्थसारिथ
_9156365
245 0 _aचित्र पंतग
246 _aChitra pantaga
260 _aदेहरादून
_b प्रतिभा प्रकाशन
_c1973
300 _a107 पृ.
_ccm.
650 _aहिन्दी साहित्य
_9156264
942 _hO152,1N36x, L3
_cTEXL
_2CC
999 _c337260
_d337260